| 000 | 01091cam a2200301 a 4500 | ||
|---|---|---|---|
| 001 | 3435847 | ||
| 005 | 20250423192931.0 | ||
| 008 | 910619m19919999dcu b 000 0 heb | ||
| 010 | _a 91073446 | ||
| 020 | _a0961308990 (v.1) | ||
| 020 | _a1880371044 (v.2) | ||
| 040 |
_aDLC _cDLC _dDLC |
||
| 041 | 0 | _ahebarceng | |
| 130 | 0 |
_aDead Sea scrolls. _n4Q. _kSelections. |
|
| 245 | 1 | 2 |
_aA preliminary edition of the unpublished Dead Sea scrolls : _bthe Hebrew and Aramaic texts from Cave Four / _cBen Zion Wacholder, Martin G. Abegg, editors. |
| 260 |
_aWashington, D.C. : _bBiblical Archaeology Society, _cc1991-c1992 . |
||
| 300 |
_av.1-2, ; _c29 cm. |
||
| 336 | _atext | ||
| 337 | _aunmediated | ||
| 338 | _avolume | ||
| 500 | _aIntrod. in English; text in Hebrew and Aramaic. | ||
| 504 | _aIncludes bibliographical references. | ||
| 505 | 0 | _aFasc. 1. 4Q Covenant of Damascus, 4Q Mishmerot HaKohanim (Priestly Courses) Fasc. 2. Wisdom, Sectarian Scriptures | |
| 650 | _aDead Sea scrolls | ||
| 700 | 1 | _aWacholder, Ben Zion. | |
| 700 | 1 | _aAbegg, Martin G. | |
| 942 |
_2lcc _cBK |
||
| 999 |
_c53693 _d53693 |
||